Introduction to Information Systems / (Record no. 17051)
[ view plain ]
| 000 -LEADER | |
|---|---|
| fixed length control field | 01125pam a2200313 a 4500 |
| 001 - CONTROL NUMBER | |
| control field | 015951169 |
| 003 - CONTROL NUMBER IDENTIFIER | |
| control field | Uk |
| 005 - DATE AND TIME OF LATEST TRANSACTION | |
| control field | 20130207144256.0 |
| 008 - FIXED-LENGTH DATA ELEMENTS--GENERAL INFORMATION | |
| fixed length control field | 111014s2013 nyuab b 001 0 eng d |
| 020 ## - INTERNATIONAL STANDARD BOOK NUMBER | |
| International Standard Book Number | 0071318046 (pbk.) : |
| 020 ## - INTERNATIONAL STANDARD BOOK NUMBER | |
| International Standard Book Number | 9780071318044 (pbk.) : |
| 082 04 - DEWEY DECIMAL CLASSIFICATION NUMBER | |
| Classification number | 658.4038011 |
| Edition number | 23 |
| Item number | MAR |
| 100 1# - MAIN ENTRY--PERSONAL NAME | |
| Personal name | Marakas, George M. |
| 9 (RLIN) | 19977 |
| 245 10 - TITLE STATEMENT | |
| Title | Introduction to Information Systems / |
| Statement of responsibility, etc | George M. Marakas, James A. O.Brien. |
| 250 ## - EDITION STATEMENT | |
| Edition statement | 16th ed. |
| 260 ## - PUBLICATION, DISTRIBUTION, ETC. (IMPRINT) | |
| Place of publication, distribution, etc | New York : |
| Name of publisher, distributor, etc | McGraw-Hill/Irwin, |
| Date of publication, distribution, etc | c2013. |
| 300 ## - PHYSICAL DESCRIPTION | |
| Extent | xxxii, 732 p. : |
| Other physical details | ill., maps ; |
| Dimensions | 28 cm. |
| 500 ## - GENERAL NOTE | |
| General note | "International edition"--Cover. |
| 500 ## - GENERAL NOTE | |
| General note | "This international student edition is for use outside of the U.S."--Cover. |
| 500 ## - GENERAL NOTE | |
| General note | Formerly CIP. |
| Institution to which field applies | Uk |
| 504 ## - BIBLIOGRAPHY, ETC. NOTE | |
| Bibliography, etc | Includes bibliographical references and indexes. |
| 650 #0 - SUBJECT ADDED ENTRY--TOPICAL TERM | |
| Topical term or geographic name as entry element | Business |
| General subdivision | Data processing. |
| 9 (RLIN) | 31044 |
| 650 #0 - SUBJECT ADDED ENTRY--TOPICAL TERM | |
| Topical term or geographic name as entry element | Management |
| General subdivision | Data processing. |
| 9 (RLIN) | 31045 |
| 650 #0 - SUBJECT ADDED ENTRY--TOPICAL TERM | |
| Topical term or geographic name as entry element | Management information systems. |
| 9 (RLIN) | 31046 |
| 653 ## - INDEX TERM--UNCONTROLLED | |
| Resource For college | |
| Arrived date list | October2012 |
| -- | February2013 |
| 690 7# - LOCAL SUBJECT ADDED ENTRY--TOPICAL TERM (OCLC, RLIN) | |
| Topical term or geographic name as entry element | Management and Business Studies |
| Source of heading or term | blcoll |
| 700 1# - ADDED ENTRY--PERSONAL NAME | |
| Personal name | O'Brien, James A., |
| Dates associated with a name | 1936- |
| 9 (RLIN) | 31047 |
| 942 ## - ADDED ENTRY ELEMENTS (KOHA) | |
| Source of classification or shelving scheme | Dewey Decimal Classification |
| Item type | Book - Borrowing |
| Withdrawn status | Item status | Source of classification or shelving scheme | Damaged status | Not for loan | Vendor | Home library | Current library | Shelving location | Date acquired | Source of acquisition | Cost, normal purchase price | Serial Enumeration / chronology | Total Checkouts | Full call number | Barcode | Date last seen | Koha item type | Total Renewals | Date last borrowed |
|---|---|---|---|---|---|---|---|---|---|---|---|---|---|---|---|---|---|---|---|
| Dewey Decimal Classification | Baccah | Central Library | Central Library | First floor | 03/10/2012 | 190.00 | 2 | 658.4038011 MAR | 000027544 | 15/07/2025 | NB - Book (Non borrowing) | ||||||||
| Dewey Decimal Classification | Baccah | Central Library | Central Library | First floor | 03/10/2012 | 190.00 | 3 | 3 | 658.4038011 MAR | 000027545 | 15/07/2025 | Book - Borrowing | 19 | 14/01/2015 | |||||
| Dewey Decimal Classification | Baccah | Central Library | Central Library | First floor | 07/02/2013 | 10 | 658.4038011 MAR | 000028074 | 15/07/2025 | Book - Borrowing | 4 | 02/04/2018 | |||||||
| Dewey Decimal Classification | Baccah | Central Library | Central Library | First floor | 07/02/2013 | 5 | 658.4038011 MAR | 000028075 | 15/07/2025 | Book - Borrowing | 21 | 11/02/2017 | |||||||
| Dewey Decimal Classification | Baccah | Central Library | Central Library | First floor | 07/02/2013 | 11 | 658.4038011 MAR | 000028076 | 15/07/2025 | Book - Borrowing | 14 | 02/05/2018 | |||||||
| Dewey Decimal Classification | Baccah | Central Library | Central Library | First floor | 07/02/2013 | 9 | 658.4038011 MAR | 000028077 | 15/07/2025 | Book - Borrowing | 20 | 19/03/2017 |